00311pab a2200097 454500008003600000100002100036245004300057650001800100650004100118773005400159180718b xxu||||| |||| 00| 0 eng d aJoshi, Sudhanshu aProcess of Urbanization in Almora town a Urbanisation aUrbanisation - India - Uttar Pradesh aJournal of the Institute of Public Administration